|
|
|
|
| LEADER |
00000nab a2200000 ar4500 |
| 001 |
vtls008695543 |
| 003 |
SK-MaSNL |
| 005 |
20260303074040.0 |
| 008 |
060425c20060418xo sr|p|||||||000 b|slo |
| 015 |
|
|
|a SNBRB2006/04
|2 snkbucl
|
| 038 |
|
|
|a SNKBUCL
|
| 040 |
|
|
|a SNKBUCL
|b slo
|c SNKBUCL
|e AACR2
|
| 041 |
0 |
|
|a slo
|
| 044 |
|
|
|a xo
|c SK
|
| 080 |
|
|
|a 796.966.093.1
|2 UDC-MRF-SK2
|
| 245 |
0 |
0 |
|a Mečbalové kraslice pre Podtatrancov
|b v piatom zápase finále play-off T-Com extraligy
|
| 300 |
|
|
|b Fotogr., tab.
|
| 648 |
|
7 |
|a sezóna 2005/2006
|2 snkbucl
|9 1033192
|
| 650 |
0 |
7 |
|a ľadový hokej
|2 snkbucl
|9 3231
|
| 650 |
0 |
7 |
|a extraliga
|2 snkbucl
|9 18992
|
| 650 |
0 |
7 |
|a finále play-off
|2 snkbucl
|9 73149
|
| 773 |
0 |
|
|t Šport
|g Roč. 60, č. 89 (18.4.2006), s. 30
|x 0139-7001
|
| 999 |
|
|
|c 1770013
|d 1771943
|